000 00372nam a2200169Ia 4500
003 OSt
005 20240315110759.0
008 170619s9999 xx 000 0 und d
020 _a9780070502079
040 _cIIMT ENGINEERING COLLEGE
100 _aPitts Donald
245 0 _aHeat transfer
260 _bTMH
260 _c1997
546 _aENGLISH
942 _2ddc
_c01
999 _c16718
_d16718